000
00204 a2200097 4500
001
59743
100
_a
245
_a
20 Azeem Phalsaphi (Urdu)
260
_a
Lahore
_b
Fiction
_c
2009
090
_c
36618
_d
36618
942
_a
NUST-CAE
_c
_c
29578
999
_c
294816
_d
294816